Instruction in Indian secondary schools / (Record no. 185991)
[ view plain ]
| 000 -LEADER | |
|---|---|
| fixed length control field | 00897 a2200169 4500 |
| 003 - CONTROL NUMBER IDENTIFIER | |
| control field | Nust |
| 005 - DATE AND TIME OF LATEST TRANSACTION | |
| control field | 20230310121709.0 |
| 040 ## - CATALOGING SOURCE | |
| Transcribing agency | Nust |
| 082 ## - DEWEY DECIMAL CLASSIFICATION NUMBER | |
| Classification number | 371.102,MAC |
| 100 ## - MAIN ENTRY--PERSONAL NAME | |
| Personal name | A. H. Mackenzie |
| 9 (RLIN) | 110150 |
| 245 ## - TITLE STATEMENT | |
| Title | Instruction in Indian secondary schools / |
| Statement of responsibility, etc. | A.H. Mackenzie |
| 260 ## - PUBLICATION, DISTRIBUTION, ETC. | |
| Place of publication, distribution, etc. | London |
| Name of publisher, distributor, etc. | Oxford universty press |
| Date of publication, distribution, etc. | 1918 |
| 300 ## - PHYSICAL DESCRIPTION | |
| Extent | 367,p: |
| 505 ## - FORMATTED CONTENTS NOTE | |
| Formatted contents note | Moral Training and School Discipline (Page-20), School Management its Principles and Practice (Page-62), Class Teaching (Page-89), The Teaching of English I (Page-105), The Teaching of English 2 (Page-145), The Teaching of History (Page-172), The Teaching of Geography (Page-201), The Teaching of Nature Study (Page-270), The Teaching of Physics and Chemistry (Page-297), The Teaching of Drawing (Page-318), The Teaching of Educational Handbook (Page-342). |
| 650 ## - SUBJECT ADDED ENTRY--TOPICAL TERM | |
| Topical term or geographic name entry element | Instruction in indian secondary |
| 9 (RLIN) | 110151 |
| 942 ## - ADDED ENTRY ELEMENTS (KOHA) | |
| Source of classification or shelving scheme | |
| Koha item type | Book |
| Withdrawn status | Lost status | Source of classification or shelving scheme | Damaged status | Not for loan | Permanent Location | Current Location | Shelving location | Date acquired | Full call number | Barcode | Date last seen | Price effective from | Koha item type | Public note |
|---|---|---|---|---|---|---|---|---|---|---|---|---|---|---|
| Military College of Signals (MCS) | Military College of Signals (MCS) | General Stacks | 12/12/2016 | 371.102,MAC | MCS30080 | 12/08/2016 | 12/12/2016 | Book | Almirah No.74, Shelf No.3 |
